Statystyki dla Jaka to marka pojazdu?

Kliknij tutaj aby rozwiązać quiz!

Ogólne statystyki

  • Ten quiz został rozwiązany 94 razy
    (86 od ostatniego zresetowania)
  • Średni wynik to 19 z 24

Statystyki odpowiedzi

Odpowiedź% Poprawnych
Nissan
100%
Audi
99%
Mercedes
94%
BMW
93%
Ford
93%
Honda
93%
Tesla
93%
Toyota
93%
Mazda
91%
Skoda
91%
Citroen
85%
Subaru
82%
Jaguar
79%
Renault
79%
Hyundai
76%
Lexus
76%
Peugeot
76%
Ferrari
75%
Suzuki
75%
Mitsubishi
72%
Rolls Royce
59%
Porshe
56%
Aston Martin
53%
Scania
29%

Rozkład punktacji

Percentyl według liczby udzielonych odpowiedzi

Procent ludzi z każdym wynikiem

Twoja historia wyników

Nie rozwiązałeś tego quizu od ostatniego zresetowania